| 000 | 00766nam a22002657a 4500 | ||
|---|---|---|---|
| 999 |
_c310288 _d310288 |
||
| 001 | 24025 | ||
| 003 | UA-OsUOA | ||
| 005 | 20230504161212.0 | ||
| 007 | ta | ||
| 008 | 20040205b un ||||| |||| 00| 0 ukr d | ||
| 020 | _a5060045919 | ||
| 040 |
_aUA-OsUOA _brus _cUA-OsUOA _dUA-OsUOA |
||
| 041 | _arus | ||
| 044 | _aRU | ||
| 080 | _a1(091)"65" | ||
| 090 |
_a1(091)"65" _bЧ-18 |
||
| 100 | _aЧанышев А. Н. | ||
| 245 |
_aФилософия Древнего мира (история философии) _bучебник для вузов |
||
| 260 |
_aМосква _bВысшая школа _c2003 |
||
| 300 | _a703 с. | ||
| 650 | 7 | _2UDC | |
| 942 |
_cBK _2udc |
||
| 955 | _a2 | ||